| 000 | 00537nam a2200181Ia 4500 | ||
|---|---|---|---|
| 005 | 20250326141056.0 | ||
| 008 | 250326s9999 xx 000 0 und d | ||
| 037 | _aTextbook | ||
| 040 |
_aFMSL _beng _cFMSL |
||
| 041 |
_aeng _2eng |
||
| 084 | _qFMSL | ||
| 100 | _aInternational Labour Office | ||
| 245 | 0 |
_aWorld employment report, 1998-99: Employability in the global economy how training _cInternational Labour Office |
|
| 260 |
_aDelhi _bDelhi, Bookwell _c1999 |
||
| 300 | _a258p | ||
| 942 | _cTB | ||
| 999 |
_c1288590 _d1288590 |
||